| 000 | 00417nam a2200133Ia 4500 | ||
|---|---|---|---|
| 008 | 231129s2017||||xx |||||||||||||| ||spa|| | ||
| 020 | _a978-958-785-040-6 | ||
| 040 | _bspa | ||
| 082 | _a[sin clasif.] | ||
| 245 | 0 | _aWaspien-Wounaan Dui = Los waspien espíritus de la selva | |
| 260 | _c2017 | ||
| 264 | _aBogotá Colombia : Ministerio de Educación Nacional | ||
| 942 |
_2ddc _cBKS |
||
| 999 |
_c26457 _d26457 |
||